Tập bản đồ hành chính Việt Nam
Salvato in:
| Natura: | Libro |
|---|---|
| Lingua: | Undetermined |
| Pubblicazione: |
H.
Bản đồ
2003
|
| Soggetti: | |
| Tags: |
Aggiungi Tag
Nessun Tag, puoi essere il primo ad aggiungerne! !
|
| Thư viện lưu trữ: | Trung tâm Học liệu Trường Đại học Cần Thơ |
|---|
| LEADER | 00495nam a2200181Ia 4500 | ||
|---|---|---|---|
| 001 | CTU_60199 | ||
| 008 | 210402s9999 xx 000 0 und d | ||
| 020 | |b 68000 | ||
| 082 | |a 912.597 | ||
| 082 | |b T123 | ||
| 245 | 0 | |a Tập bản đồ hành chính Việt Nam | |
| 260 | |a H. | ||
| 260 | |b Bản đồ | ||
| 260 | |c 2003 | ||
| 650 | |a vietnam | ||
| 650 | |x administrative and political divisions,atlases | ||
| 904 | |i Minh | ||
| 980 | |a Trung tâm Học liệu Trường Đại học Cần Thơ | ||